000 00914nam a22002897a 4500
003 CHAP
005 20220329140640.0
008 971013s r 00010 d
010 _a55331
011 _a56303
035 _a60456
040 _cCHAP
090 _aFolleto 225
100 0 0 _aSaunier, Raymond.
_9102759
245 _aRésultats d'essais d'éclaircissage chimique des fleurs et des jeunes fruits sur le pêcher et le pommier
260 _a(s.l. :
_bs.e.),
_c(s.a.)
300 _app. 165-173
500 _a"Rapport général du congráes Pomologuique de Bordeaux"
590 _aBATCH-UPD
_b10
_c20130110
_lUCH01
_h0031
590 _aBATCH-UPD
_b10
_c20130110
_lUCH01
_h1944
590 _aCONVERSION
_b10
_c20130109
_lUCH01
_h1330
650 1 4 _aDurazno
_xPoda.
_934621
650 1 4 _aManzana
_xPoda.
_970793
901 _aBK
942 _cFOLL
949 _aFolleto 225
_bBC
_cFOLL
_d-130316
_eTS1
_i60456
_si
999 _c55331
_d55331